[Event "GER-ch Seniors Gp-B 19th"]
[Site "Templin"]
[Date "2007.08.24"]
[Round "2"]
[White "Schmieder, Wolfgang Ernst"]
[Black "Freder, Heinrich"]
[Result "0-1"]
[WhiteElo "1621"]
[BlackElo "1762"]
[PlyCount "98"]
[EventDate "2007.08.23"]
[EventType "swiss"]
[EventRounds "9"]
[EventCountry "GER"]
[SourceTitle "EXT 2022"]
[Source "ChessBase"]
[SourceDate "2021.10.06"]
[SourceVersion "1"]
[SourceVersionDate "2021.10.06"]
[SourceQuality "1"]

1. c4 c5 2. Nc3 d6 3. Nf3 Nf6 4. g3 g6 5. Bg2 Bg7 6. 0-0 Rg8 7. d4 e6 8. e4 Nbd7 9. Be3 a6 10. Rb1 Qc7 11. a3 b6 12. e5 dxe5 13. dxc5 bxc5 14. Nxe5 Bb7 15. Bxb7 Qxb7 16. Nxd7 Nxd7 17. Qd6 Bf8 18. Qd2 Ne5 19. Qd1 Nf3+ 20. Kg2 Nd2+ 21. f3 Nxf1 22. Qa4+ Qd7 23. Kxf1 Qxa4 24. Nxa4 Rc8 25. Rd1 Rc6 26. Ke2 f6 27. f4 Rg7 28. Kf3 Rb7 29. Rd3 Rd7 30. Rb3 Bd6 31. Nc3 f5 32. h3 Kd8 33. g4 Kc7 34. Na4 Be7 35. Ke2 Rd8 36. Bd2 Rd4 37. Ba5+ Kd6 38. Rb7 Rxc4 39. Nb6 Re4+ 40. Kf3 Rxb6 41. Rxb6+ Kd5 42. Bc3 Bd6 43. Be5 Bxe5 44. fxe5 Ra4 45. gxf5 gxf5 46. Rb7 h5 47. Rd7+ Kxe5 48. Rd3 Rf4+ 49. Kg2 Rc4 0-1

[Event "GER-ch Seniors 18th"]
[Site "Dresden"]
[Date "2006.07.28"]
[Round "7"]
[White "Eidelmann, Vova"]
[Black "Freder, Heinrich"]
[Result "0-1"]
[WhiteElo "1938"]
[BlackElo "1890"]
[PlyCount "60"]
[EventDate "2006.07.22"]
[EventType "swiss"]
[EventRounds "9"]
[EventCountry "GER"]
[SourceTitle "EXT 2022"]
[Source "ChessBase"]
[SourceDate "2021.10.06"]
[SourceVersion "1"]
[SourceVersionDate "2021.10.06"]
[SourceQuality "1"]

1. d4 d5 2. Nf3 Nf6 3. e3 c6 4. Bd3 Nbd7 5. Nbd2 Qc7 6. b3 e5 7. dxe5 Nxe5 8. Nxe5 Qxe5 9. Rb1 Bg4 10. Be2 Bxe2 11. Qxe2 Bd6 12. Bb2 Qg5 13. 0-0 0-0 14. Qf3 Ng4 15. h3 Nh2 16. Qe2 Nxf1 17. Rxf1 Rfe8 18. c4 Rad8 19. cxd5 Qxd5 20. e4 Qxd2 21. Qxd2 Bh2+ 22. Kxh2 Rxd2 23. Bc3 Rxa2 24. f3 Rd8 25. Rb1 Rd3 26. Bb4 a5 27. Bc5 h6 28. b4 axb4 29. Rxb4 Rxf3 30. Bd6 Re2 0-1

[Event "GER-ch Seniors 18th"]
[Site "Dresden"]
[Date "2006.07.27"]
[Round "6"]
[White "Freder, Heinrich"]
[Black "Werner, Hubert"]
[Result "1-0"]
[WhiteElo "1890"]
[BlackElo "1723"]
[PlyCount "55"]
[EventDate "2006.07.22"]
[EventType "swiss"]
[EventRounds "9"]
[EventCountry "GER"]
[SourceTitle "EXT 2022"]
[Source "ChessBase"]
[SourceDate "2021.10.06"]
[SourceVersion "1"]
[SourceVersionDate "2021.10.06"]
[SourceQuality "1"]

1. d4 Nf6 2. Nf3 e6 3. Bg5 Be7 4. c4 d5 5. e3 Nbd7 6. Nc3 c6 7. Bd3 0-0 8. 0-0 dxc4 9. Bxc4 Nd5 10. Bxe7 Qxe7 11. Qc2 Nxc3 12. bxc3 e5 13. Bd3 g6 14. Rab1 Re8 15. e4 exd4 16. cxd4 Nb6 17. Rfe1 Bg4 18. Ne5 Be6 19. a4 Rad8 20. a5 Nc8 21. a6 Nb6 22. axb7 Qxb7 23. Qxc6 Qb8 24. Qc3 Qd6 25. d5 Rc8 26. Qa1 Bd7 27. Nxd7 Qxd7 28. Bb5 1-0

[Event "GER-ch Seniors 18th"]
[Site "Dresden"]
[Date "2006.07.26"]
[Round "5"]
[White "Jacob, Konrad"]
[Black "Freder, Heinrich"]
[Result "0-1"]
[WhiteElo "1753"]
[BlackElo "1890"]
[PlyCount "74"]
[EventDate "2006.07.22"]
[EventType "swiss"]
[EventRounds "9"]
[EventCountry "GER"]
[SourceTitle "EXT 2022"]
[Source "ChessBase"]
[SourceDate "2021.10.06"]
[SourceVersion "1"]
[SourceVersionDate "2021.10.06"]
[SourceQuality "1"]

1. e4 e5 2. Nf3 d6 3. d4 Nd7 4. dxe5 dxe5 5. Bc4 c6 6. 0-0 Be7 7. Nc3 Ngf6 8. Qe2 Qc7 9. h3 b5 10. Bd3 Bb7 11. Bg5 a6 12. Nd1 0-0 13. c3 Nc5 14. Bc2 Ne6 15. Ne3 Nxg5 16. Nxg5 g6 17. Rad1 Nh5 18. Nf3 Nf4 19. Qe1 Rad8 20. Ng4 f6 21. Qe3 Kg7 22. Kh1 h5 23. Ngh2 c5 24. h4 c4 25. g3 Bc5 26. Qe1 Rxd1 27. Qxd1 Rd8 28. Qe1 Nd3 29. Bxd3 Rxd3 30. Qe2 Qd6 31. g4 hxg4 32. Nxg4 f5 33. Ngxe5 fxe4 34. Nxd3 exd3 35. Qd1 Qf4 36. Kg2 Qg4+ 37. Kh2 Bxf3 0-1

[Event "GER-ch Seniors 18th"]
[Site "Dresden"]
[Date "2006.07.22"]
[Round "1"]
[White "Just, Joachim"]
[Black "Freder, Heinrich"]
[Result "0-1"]
[WhiteElo "1978"]
[BlackElo "1890"]
[PlyCount "62"]
[EventDate "2006.07.22"]
[EventType "swiss"]
[EventRounds "9"]
[EventCountry "GER"]
[SourceTitle "EXT 2022"]
[Source "ChessBase"]
[SourceDate "2021.10.06"]
[SourceVersion "1"]
[SourceVersionDate "2021.10.06"]
[SourceQuality "1"]

1. Nf3 d5 2. d4 e6 3. Bf4 Nf6 4. e3 Nbd7 5. Nbd2 Be7 6. Bd3 0-0 7. Ne5 c5 8. c3 g6 9. g4 Nxe5 10. dxe5 Nd7 11. Nf3 f5 12. g5 Rf7 13. h4 Nf8 14. Qe2 b6 15. 0-0-0 Bb7 16. h5 d4 17. c4 Qd7 18. Rh3 Qa4 19. Kb1 Be4 20. b3 Qc6 21. exd4 Bxf3 22. Qxf3 Qxf3 23. Rxf3 cxd4 24. Be2 Bc5 25. Rfd3 a5 26. Bc1 gxh5 27. Bxh5 Ng6 28. f4 Rd7 29. Rh1 Nf8 30. Bf3 Rad8 31. Rh6 Rg7 0-1

[Event "Bad Zwischenahn Seniors op 1st"]
[Site "Bad Zwischenahn"]
[Date "2004.??.??"]
[Round "7"]
[White "Freder, Heinrich"]
[Black "Luecker, Horst"]
[Result "1-0"]
[WhiteElo "1849"]
[BlackElo "1979"]
[PlyCount "48"]
[EventDate "2004.07.30"]
[EventType "swiss"]
[EventRounds "9"]
[EventCountry "GER"]
[SourceTitle "EXT 2006"]
[Source "ChessBase"]
[SourceDate "2005.11.24"]
[SourceVersion "1"]
[SourceVersionDate "2005.11.24"]
[SourceQuality "1"]

1. d4 e6 2. Nf3 f5 3. Nbd2 Nf6 4. g3 Be7 5. Bg2 0-0 6. 0-0 d5 7. c3 Ne4 8. Ne5 Nxd2 9. Bxd2 Nd7 10. Nxd7 Bxd7 11. f3 Bg5 12. Re1 Rc8 13. e4 c6 14. Bxg5 Qxg5 15. Qd3 fxe4 16. fxe4 Rf7 17. e5 Rcf8 18. Rf1 Be8 19. a4 Rxf1+ 20. Bxf1 Bg6 21. Qe2 Qf5 22. a5 a6 23. Bg2 Qg5 24. Re1 Qd8 1-0

[Event "Bad Zwischenahn Seniors op 1st"]
[Site "Bad Zwischenahn"]
[Date "2004.??.??"]
[Round "9"]
[White "Freder, Heinrich"]
[Black "Schwirz, Horst"]
[Result "1-0"]
[WhiteElo "1849"]
[BlackElo "1505"]
[PlyCount "91"]
[EventDate "2004.07.30"]
[EventType "swiss"]
[EventRounds "9"]
[EventCountry "GER"]
[SourceTitle "EXT 2006"]
[Source "ChessBase"]
[SourceDate "2005.11.24"]
[SourceVersion "1"]
[SourceVersionDate "2005.11.24"]
[SourceQuality "1"]

1. d4 Nf6 2. Bg5 Ne4 3. Bf4 c5 4. f3 Qa5+ 5. c3 Nf6 6. e3 cxd4 7. exd4 d5 8. Bd3 g6 9. Nd2 Bg7 10. Ne2 0-0 11. 0-0 Nbd7 12. Ng3 Qb6 13. Qc2 Ne8 14. Kh1 e5 15. dxe5 Nxe5 16. Rab1 Nxd3 17. Qxd3 Be6 18. Nb3 d4 19. c4 Rc8 20. Nd2 Nd6 21. b3 Nf5 22. Nge4 Ne3 23. Rfe1 Nf5 24. g4 Ne7 25. Bd6 f5 26. Bxe7 fxe4 27. Rxe4 Rf7 28. Bh4 Rcf8 29. Rbe1 Bd7 30. Re7 Qc6 31. Rxf7 Rxf7 32. h3 h5 33. Kh2 hxg4 34. hxg4 Bf8 35. Re4 Bd6+ 36. Bg3 Rh7+ 37. Kg2 Bxg3 38. Kxg3 Qd6+ 39. f4 g5 40. Qxd4 gxf4+ 41. Rxf4 Qc7 42. Ne4 Rf7 43. Nf6+ Kf8 44. Nxd7+ Ke8 45. Nf6+ Kf8 46. Nd5 1-0

[Event "Bad Zwischenahn Seniors op 1st"]
[Site "Bad Zwischenahn"]
[Date "2004.??.??"]
[Round "6"]
[White "Hempel, Guenther"]
[Black "Freder, Heinrich"]
[Result "1/2-1/2"]
[WhiteElo "1660"]
[BlackElo "1849"]
[PlyCount "47"]
[EventDate "2004.07.30"]
[EventType "swiss"]
[EventRounds "9"]
[EventCountry "GER"]
[SourceTitle "EXT 2006"]
[Source "ChessBase"]
[SourceDate "2005.11.24"]
[SourceVersion "1"]
[SourceVersionDate "2005.11.24"]
[SourceQuality "1"]

1. Nf3 Nf6 2. c4 c6 3. d4 d5 4. e3 e6 5. Be2 Bd6 6. 0-0 Nbd7 7. Nc3 0-0 8. Qc2 Qe7 9. e4 dxe4 10. Nxe4 h6 11. Nxd6 Qxd6 12. Be3 Ng4 13. Rad1 Nxe3 14. fxe3 b6 15. Nd2 Bb7 16. Ne4 Qe7 17. Bf3 Rad8 18. b3 c5 19. Nd2 Bxf3 20. Nxf3 Nf6 21. Ne5 Qc7 22. Qe2 Rd6 23. Qc2 Ng4 24. Qc1 1/2-1/2

[Event "Bad Zwischenahn Seniors op 1st"]
[Site "Bad Zwischenahn"]
[Date "2004.??.??"]
[Round "8"]
[White "Oser, Thor"]
[Black "Freder, Heinrich"]
[Result "1/2-1/2"]
[WhiteElo "1604"]
[BlackElo "1849"]
[PlyCount "49"]
[EventDate "2004.07.30"]
[EventType "swiss"]
[EventRounds "9"]
[EventCountry "GER"]
[SourceTitle "EXT 2006"]
[Source "ChessBase"]
[SourceDate "2005.11.24"]
[SourceVersion "1"]
[SourceVersionDate "2005.11.24"]
[SourceQuality "1"]

1. e4 e5 2. g3 d6 3. Bg2 Nc6 4. d3 g6 5. c4 Bg7 6. Nc3 Nd4 7. h3 Ne7 8. Nge2 c6 9. Nxd4 exd4 10. Ne2 0-0 11. 0-0 f6 12. b3 c5 13. Bd2 Nc6 14. f4 f5 15. Kh2 Bd7 16. a4 a5 17. Rb1 Qc7 18. Ng1 Ne7 19. Nf3 Kh8 20. Qe2 Rae8 21. Rbe1 Be6 22. Nh4 Bf6 23. Nf3 fxe4 24. dxe4 Ng8 25. Qd3 1/2-1/2

[Event "Wuerttemberg-ch Seniors 15th"]
[Site "Ellwangen"]
[Date "2003.04.19"]
[Round "9"]
[White "Herrmann, Armin"]
[Black "Freder, Heinrich"]
[Result "0-1"]
[WhiteElo "1562"]
[BlackElo "1868"]
[PlyCount "42"]
[EventDate "2003.04.??"]
[EventType "swiss"]
[EventRounds "9"]
[EventCountry "GER"]
[SourceTitle "EXT 2006"]
[Source "ChessBase"]
[SourceDate "2005.11.24"]
[SourceVersion "1"]
[SourceVersionDate "2005.11.24"]
[SourceQuality "1"]

1. d4 Nf6 2. Nf3 d6 3. Bf4 g6 4. e3 Bg7 5. g3 c6 6. c3 Nbd7 7. Bd3 0-0 8. 0-0 Re8 9. Bg5 e5 10. dxe5 dxe5 11. Bc2 Qc7 12. Nbd2 b6 13. Qe2 a5 14. Rfd1 Ba6 15. Qe1 Nd5 16. Nf1 Bb7 17. N1d2 Kf8 18. a3 c5 19. Nf1 e4 20. N3d2 f5 21. Bb3 Bf6 0-1

[Event "Wuerttemberg-ch Seniors 15th"]
[Site "Ellwangen"]
[Date "2003.04.14"]
[Round "4"]
[White "Freder, Heinrich"]
[Black "Bango, Sandor"]
[Result "1/2-1/2"]
[WhiteElo "1868"]
[BlackElo "1643"]
[PlyCount "79"]
[EventDate "2003.04.??"]
[EventType "swiss"]
[EventRounds "9"]
[EventCountry "GER"]
[SourceTitle "EXT 2006"]
[Source "ChessBase"]
[SourceDate "2005.11.24"]
[SourceVersion "1"]
[SourceVersionDate "2005.11.24"]
[SourceQuality "1"]

1. d4 d5 2. Nf3 Nf6 3. e3 Bg4 4. c4 c6 5. Nc3 e6 6. Qb3 Qb6 7. Ne5 Bf5 8. Be2 Qxb3 9. axb3 Bc2 10. Bd1 Bxd1 11. Kxd1 Nbd7 12. f4 Bb4 13. Ke2 Nxe5 14. fxe5 Bxc3 15. exf6 Bb4 16. fxg7 Rg8 17. Bd2 Be7 18. Kf3 Rxg7 19. g3 a6 20. g4 Kd7 21. h3 Rag8 22. Be1 h6 23. Rc1 Rg6 24. Rc2 Bg5 25. Rg2 Kd6 26. Bg3+ Kd7 27. Rhg1 Be7 28. e4 Rf6+ 29. Ke3 dxe4 30. Kxe4 Rfg6 31. Bf2 f5+ 32. Kf3 fxg4+ 33. Rxg4 Rxg4 34. Rxg4 Rf8+ 35. Ke2 Bg5 36. Be3 Rf5 37. c5 e5 38. h4 Bxe3 39. Kxe3 exd4+ 40. Kxd4 1/2-1/2

[Event "Wuerttemberg-ch Seniors 15th"]
[Site "Ellwangen"]
[Date "2003.04.12"]
[Round "2"]
[White "Freder, Heinrich"]
[Black "Neumann, Horst"]
[Result "0-1"]
[WhiteElo "1868"]
[BlackElo "1927"]
[PlyCount "85"]
[EventDate "2003.04.??"]
[EventType "swiss"]
[EventRounds "9"]
[EventCountry "GER"]
[SourceTitle "EXT 2006"]
[Source "ChessBase"]
[SourceDate "2005.11.24"]
[SourceVersion "1"]
[SourceVersionDate "2005.11.24"]
[SourceQuality "1"]

1. d4 d5 2. Nf3 Nf6 3. Bf4 Bg4 4. Ne5 Bh5 5. c4 c6 6. Nc3 Qb6 7. Na4 Qa5+ 8. Bd2 Qc7 9. Rc1 dxc4 10. Bf4 Nd5 11. Bg3 Qa5+ 12. Nc3 b5 13. Qd2 f6 14. Nxc6 Nxc6 15. Nxd5 Qxd2+ 16. Kxd2 0-0-0 17. Nc3 Nxd4 18. Ke1 a6 19. f3 Bg6 20. e4 e5 21. Bf2 Bb4 22. a3 Nb3 23. Rc2 Ba5 24. g3 Nd4 25. Rc1 Nxf3+ 26. Ke2 Nd4+ 27. Ke3 Bb6 28. Nd5 Bc5 29. b4 Nc2+ 30. Ke2 Bxf2 31. Ne7+ Kb7 32. Nxg6 hxg6 33. Rxc2 Bb6 34. a4 Rd7 35. axb5 axb5 36. h3 Ra8 37. h4 Ra1 38. Kf3 Rdd1 39. Kg2 Be3 40. g4 Bf4 41. Rf2 Kb6 42. Rh3 g5 43. h5 0-1

[Event "Wuerttemberg-ch Seniors 14th"]
[Site "Ellwangen"]
[Date "2002.??.??"]
[Round "6"]
[White "Freder, Heinrich"]
[Black "Neumann, Erwin"]
[Result "1/2-1/2"]
[WhiteElo "1920"]
[BlackElo "1848"]
[PlyCount "42"]
[EventDate "2002.03.30"]
[EventType "swiss"]
[EventRounds "9"]
[EventCountry "GER"]
[SourceTitle "EXT 2006"]
[Source "ChessBase"]
[SourceDate "2005.11.24"]
[SourceVersion "1"]
[SourceVersionDate "2005.11.24"]
[SourceQuality "1"]

1. d4 Nf6 2. Nf3 e6 3. Bg5 Be7 4. Nbd2 d5 5. e3 b6 6. c3 0-0 7. Bd3 Bb7 8. Qc2 Nbd7 9. Ne5 g6 10. Bh4 c5 11. 0-0 c4 12. Be2 b5 13. f4 Ne4 14. Bxe7 Qxe7 15. Bf3 Nxd2 16. Qxd2 a5 17. b3 Nf6 18. bxc4 dxc4 19. Rab1 Bxf3 20. Nxf3 Ne4 21. Qc2 Nd6 1/2-1/2

[Event "Wuerttemberg-ch Seniors 14th"]
[Site "Ellwangen"]
[Date "2002.??.??"]
[Round "3"]
[White "Johannsen, Ingbert"]
[Black "Freder, Heinrich"]
[Result "1-0"]
[WhiteElo "2002"]
[BlackElo "1920"]
[PlyCount "53"]
[EventDate "2002.03.30"]
[EventType "swiss"]
[EventRounds "9"]
[EventCountry "GER"]
[SourceTitle "EXT 2006"]
[Source "ChessBase"]
[SourceDate "2005.11.24"]
[SourceVersion "1"]
[SourceVersionDate "2005.11.24"]
[SourceQuality "1"]

1. e4 e5 2. Nf3 d6 3. d4 Nd7 4. c3 Ngf6 5. Bd3 Be7 6. 0-0 0-0 7. Re1 b6 8. Nbd2 Bb7 9. Nf1 c5 10. Ng3 g6 11. Bh6 Re8 12. Bc4 Bf8 13. Bxf8 Rxf8 14. Qd2 Qc7 15. dxe5 Nxe5 16. Nxe5 dxe5 17. Qg5 Ne8 18. Rad1 Ng7 19. h4 Rae8 20. h5 Qe7 21. Qh6 Ne6 22. Rd3 Rd8 23. hxg6 hxg6 24. Nf5 Qg5 25. Ne7+ Qxe7 26. Rh3 f6 27. Bxe6+ 1-0

[Event "Leutasch Seniors op 18th"]
[Site "Karwendel"]
[Date "2001.07.06"]
[Round "9"]
[White "Freder, Heinrich"]
[Black "Opl, Klaus"]
[Result "0-1"]
[WhiteElo "1900"]
[BlackElo "2350"]
[PlyCount "72"]
[EventDate "2001.06.28"]
[EventType "swiss"]
[EventRounds "9"]
[EventCountry "GER"]
[SourceTitle "EXT 2006"]
[Source "ChessBase"]
[SourceDate "2005.11.24"]
[SourceVersion "1"]
[SourceVersionDate "2005.11.24"]
[SourceQuality "1"]

1. d4 Nf6 2. Nf3 e6 3. Bf4 c5 4. e3 Qb6 5. Qc1 Nc6 6. c3 cxd4 7. exd4 d6 8. Nbd2 Be7 9. Bd3 Bd7 10. 0-0 Rc8 11. a3 h6 12. Rb1 Nd5 13. Bg3 f5 14. h3 g5 15. Qe1 Kf7 16. c4 Nf6 17. c5 dxc5 18. Nc4 Qd8 19. Nce5+ Nxe5 20. Nxe5+ Kg7 21. Nxd7 Qxd7 22. Bc4 Ne4 23. Be5+ Bf6 24. Bxf6+ Kxf6 25. dxc5 Qd4 26. b3 Qxc5 27. a4 Rhd8 28. Rd1 a5 29. Qe2 Qb6 30. Qb2+ e5 31. g4 Rxd1 32. Rxd1 Rxc4 33. Rd5 Rd4 34. Rb5 Qd6 35. Qc2 Rd1+ 36. Kg2 Rd2 0-1

[Event "Leutasch Seniors op 18th"]
[Site "Karwendel"]
[Date "2001.07.02"]
[Round "5"]
[White "Milanesi, Bruno"]
[Black "Freder, Heinrich"]
[Result "1-0"]
[WhiteElo "1950"]
[BlackElo "1900"]
[PlyCount "125"]
[EventDate "2001.06.28"]
[EventType "swiss"]
[EventRounds "9"]
[EventCountry "GER"]
[SourceTitle "EXT 2006"]
[Source "ChessBase"]
[SourceDate "2005.11.24"]
[SourceVersion "1"]
[SourceVersionDate "2005.11.24"]
[SourceQuality "1"]

1. d4 d5 2. c4 e6 3. e3 Nf6 4. Nc3 a6 5. f4 Bd6 6. c5 Be7 7. Bd2 0-0 8. Nf3 Nc6 9. Bd3 Ng4 10. 0-0 f5 11. a3 b5 12. b4 Nf6 13. Ne2 Ne4 14. Ne5 Nxe5 15. dxe5 Bd7 16. Nd4 c6 17. Bxe4 fxe4 18. Qg4 Qc8 19. Qh3 Kh8 20. g4 g6 21. Bc3 Kg8 22. Kh1 Rf7 23. Rg1 Bf8 24. Raf1 Bg7 25. Qg3 Qe8 26. Nb3 Qe7 27. Na5 Ra7 28. f5 Qe8 29. f6 Bf8 30. Bd4 Rc7 31. h4 h6 32. Ra1 Rh7 33. Nb3 Qb8 34. Bc3 Bc8 35. Nd4 Kf7 36. a4 Kg8 37. g5 h5 38. axb5 cxb5 39. Ne2 Rc6 40. Nf4 Kf7 41. Qh3 Qc7 42. Kg2 Qa7 43. Ne2 Ke8 44. Nd4 Qc7 45. Nxc6 Qxc6 46. Bd4 Rc7 47. Rgf1 Kf7 48. Ra5 Qb7 49. Rfa1 Rc6 50. Qh1 Qc7 51. R1a3 Bb7 52. Qa1 Qc8 53. Ra2 Kg8 54. f7+ Kxf7 55. Rf2+ Kg7 56. Rf4 Kh7 57. Qf1 Bg7 58. Rf7 Rc7 59. Ra2 Rxf7 60. Qxf7 Qc6 61. Rf2 Qc8 62. Rf6 Bc6 63. Rxg6 1-0

[Event "Leutasch Seniors op 18th"]
[Site "Karwendel"]
[Date "2001.07.01"]
[Round "4"]
[White "Freder, Heinrich"]
[Black "Mitzel, Robert"]
[Result "1/2-1/2"]
[WhiteElo "1905"]
[BlackElo "1954"]
[PlyCount "106"]
[EventDate "2001.06.28"]
[EventType "swiss"]
[EventRounds "9"]
[EventCountry "GER"]
[SourceTitle "EXT 2006"]
[Source "ChessBase"]
[SourceDate "2005.11.24"]
[SourceVersion "1"]
[SourceVersionDate "2005.11.24"]
[SourceQuality "1"]

1. d4 Nf6 2. Nf3 e6 3. c4 d5 4. Nc3 Be7 5. e3 0-0 6. Bd3 Nbd7 7. 0-0 c5 8. cxd5 exd5 9. dxc5 Nxc5 10. Bc2 Bg4 11. h3 Bh5 12. Nb5 Nce4 13. b3 Qa5 14. Bd3 a6 15. Nbd4 Bb4 16. g4 Bg6 17. Bb2 Nc3 18. Bxc3 Bxc3 19. Rc1 Bxd4 20. Nxd4 Bxd3 21. Qxd3 Rac8 22. Rc2 Rxc2 23. Qxc2 h5 24. f3 hxg4 25. hxg4 Re8 26. Kf2 Qb6 27. Rh1 g6 28. Qc3 Qd6 29. Ne2 Qe6 30. Qd4 Rc8 31. Nf4 Qd6 32. Qd3 Qb6 33. Rd1 Qd6 34. Rd2 g5 35. Ng2 Qe5 36. Qf5 Qxf5 37. gxf5 Kf8 38. Ne1 Ke7 39. Nc2 Rh8 40. Kg2 g4 41. fxg4 Nxg4 42. Kg3 Nf6 43. Kf3 Kd6 44. Nb4 Ke5 45. Rc2 Rh3+ 46. Ke2 Rh2+ 47. Kd3 Rxc2 48. Nxc2 Kxf5 49. Kd4 Ke6 50. Nb4 a5 51. Nd3 Nd7 52. Nf4+ Kd6 53. Nxd5 Ne5 1/2-1/2

[Event "Leutasch Seniors op 18th"]
[Site "Karwendel"]
[Date "2001.06.30"]
[Round "3"]
[White "Schmidt, Wolfgang4444"]
[Black "Freder, Heinrich"]
[Result "0-1"]
[WhiteElo "1700"]
[BlackElo "1900"]
[PlyCount "89"]
[EventDate "2001.06.28"]
[EventType "swiss"]
[EventRounds "9"]
[EventCountry "GER"]
[SourceTitle "EXT 2006"]
[Source "ChessBase"]
[SourceDate "2005.11.24"]
[SourceVersion "1"]
[SourceVersionDate "2005.11.24"]
[SourceQuality "1"]

1. d4 d5 2. g3 c6 3. Nf3 Nf6 4. Bg2 Nbd7 5. Nbd2 g6 6. c3 Bg7 7. 0-0 0-0 8. Ne5 Nxe5 9. dxe5 Ng4 10. Nb3 Nxe5 11. f4 Ng4 12. e3 f5 13. h3 Nf6 14. Bf3 Qc7 15. Kg2 b6 16. g4 Ne4 17. g5 e5 18. Be2 Be6 19. h4 Rad8 20. Qe1 c5 21. h5 exf4 22. exf4 Rfe8 23. Qh4 Kf7 24. h6 Bh8 25. Bh5 gxh5 26. Qxh5+ Ke7 27. g6 hxg6 28. Qh3 Rg8 29. Be3 Bf6 30. h7 Rh8 31. Qh6 Kf7 32. Kf3 Bg7 33. Qh2 Rxh7 34. Qxh7 Rh8 35. Qxh8 Bxh8 36. Rg1 Nf6 37. Bf2 Ng4 38. Bh4 d4 39. Rae1 dxc3 40. bxc3 Bxc3 41. Rc1 Bf6 42. Bg5 Qc6+ 43. Kg3 Bxg5 44. fxg5 Qd6+ 45. Kf3 0-1

[Event "Leutasch Seniors op 18th"]
[Site "Karwendel"]
[Date "2001.06.29"]
[Round "2"]
[White "Freder, Heinrich"]
[Black "Ladstetter, Josef"]
[Result "1-0"]
[WhiteElo "1900"]
[BlackElo "1850"]
[PlyCount "117"]
[EventDate "2001.06.28"]
[EventType "swiss"]
[EventRounds "9"]
[EventCountry "GER"]
[SourceTitle "EXT 2006"]
[Source "ChessBase"]
[SourceDate "2005.11.24"]
[SourceVersion "1"]
[SourceVersionDate "2005.11.24"]
[SourceQuality "1"]

1. d4 g6 2. c4 Bg7 3. Nc3 Nf6 4. e4 d6 5. f3 0-0 6. Be3 e5 7. d5 c6 8. Bd3 cxd5 9. cxd5 a6 10. a4 Nh5 11. Nge2 f5 12. 0-0 f4 13. Bf2 Qa5 14. Rb1 Nd7 15. b4 Qd8 16. Qb3 b6 17. Rfc1 Bb7 18. b5 a5 19. Nd1 Nc5 20. Bxc5 dxc5 21. Nb2 Kh8 22. Nc4 Bc8 23. Qc3 Qf6 24. Qe1 Rb8 25. Nc3 Rd8 26. Be2 Bf8 27. Rd1 Bd6 28. Na2 g5 29. Nc1 Re8 30. Nd3 h6 31. g4 Ng7 32. h4 Re7 33. hxg5 hxg5 34. Kg2 Bc7 35. Qd2 Ne8 36. Rh1+ Kg8 37. Rh2 Nd6 38. Rbh1 Nf7 39. Ndb2 Bd7 40. Rd1 Kg7 41. Nd3 Bc8 42. Rdh1 Bd7 43. Rh7+ Kg8 44. R1h5 Bd6 45. Nf2 Qg6 46. Nh3 Qxh7 47. Rxh7 Kxh7 48. Nxg5+ Nxg5 49. Nxd6 Kg6 50. Nc4 Kf6 51. Bf1 Ree8 52. Kf2 Nf7 53. Bg2 Ng5 54. Nb2 Rh8 55. Nd3 Rhe8 56. Nxf4 Nf7 57. Ne2 Nd6 58. Kg3 Rbc8 59. f4 1-0

[Event "Wuerttemberg-ch Seniors 13th"]
[Site "Ellwangen"]
[Date "2001.??.??"]
[Round "9"]
[White "Hellenschmidt, Hermann"]
[Black "Freder, Heinrich"]
[Result "1-0"]
[WhiteElo "1774"]
[BlackElo "1905"]
[PlyCount "97"]
[EventDate "2001.04.??"]
[EventType "swiss"]
[EventRounds "9"]
[EventCountry "GER"]
[SourceTitle "EXT 2006"]
[Source "ChessBase"]
[SourceDate "2005.11.24"]
[SourceVersion "1"]
[SourceVersionDate "2005.11.24"]
[SourceQuality "1"]

1. d4 Nf6 2. g3 c6 3. Bg2 g6 4. c4 Bg7 5. Nc3 d6 6. Nf3 Nbd7 7. 0-0 e5 8. dxe5 dxe5 9. Qc2 0-0 10. Rd1 Qe7 11. b3 Nc5 12. e4 Bg4 13. Be3 Ne6 14. h3 Bxf3 15. Bxf3 Rad8 16. Rac1 Nd4 17. Bxd4 exd4 18. Ne2 c5 19. Nf4 Bh6 20. Qd2 Kg7 21. Rb1 Qe5 22. Nd3 Qe6 23. Nf4 Qd6 24. b4 b6 25. bxc5 bxc5 26. Rb7 Rd7 27. Rdb1 Rfd8 28. Kg2 Rxb7 29. Rxb7 Rd7 30. Rb1 Re7 31. Re1 Nd7 32. Bd1 Ne5 33. Qc2 Qa6 34. Nd5 Rb7 35. f4 Nxc4 36. Be2 Rb2 37. Qxb2 Nxb2 38. Bxa6 c4 39. Bxc4 Nxc4 40. Rd1 Kf8 41. Rxd4 Nd6 42. Nf6 Nb5 43. Rd7 Bg7 44. e5 Bxf6 45. exf6 Ke8 46. Re7+ Kf8 47. Rb7 Nd6 48. Rb8+ Ne8 49. g4 1-0

[Event "Wuerttemberg-ch Seniors 13th"]
[Site "Ellwangen"]
[Date "2001.??.??"]
[Round "5"]
[White "Hohl, Rudolf"]
[Black "Freder, Heinrich"]
[Result "1/2-1/2"]
[WhiteElo "1931"]
[BlackElo "1905"]
[PlyCount "69"]
[EventDate "2001.04.??"]
[EventType "swiss"]
[EventRounds "9"]
[EventCountry "GER"]
[SourceTitle "EXT 2006"]
[Source "ChessBase"]
[SourceDate "2005.11.24"]
[SourceVersion "1"]
[SourceVersionDate "2005.11.24"]
[SourceQuality "1"]

1. d4 d5 2. Nf3 e6 3. c3 Nf6 4. Bg5 Be7 5. e3 Nbd7 6. Bd3 c5 7. Nbd2 0-0 8. Ne5 h6 9. Bxf6 Nxf6 10. f4 cxd4 11. exd4 Nd7 12. Ndf3 Bd6 13. Bc2 f5 14. Qe2 Nf6 15. Rg1 Bxe5 16. Nxe5 Ne4 17. 0-0-0 Kh7 18. Rd3 Bd7 19. Re3 b5 20. g4 g6 21. Nxg6 Kxg6 22. gxf5+ Kh7 23. fxe6 Bxe6 24. Bxe4+ dxe4 25. Rxe4 Bf7 26. Qxb5 Qd5 27. Qd3 Qf5 28. Qe3 Bg6 29. Re7+ Rf7 30. Rxf7+ Qxf7 31. Re1 Qxa2 32. Qe7+ Qf7 33. Qd6 Re8 34. Rxe8 Qxe8 35. Qc7+ 1/2-1/2

[Event "Wuerttemberg-ch Seniors 13th"]
[Site "Ellwangen"]
[Date "2001.??.??"]
[Round "3"]
[White "Schneider, Ludwig1111"]
[Black "Freder, Heinrich"]
[Result "0-1"]
[WhiteElo "1747"]
[BlackElo "1905"]
[PlyCount "87"]
[EventDate "2001.04.??"]
[EventType "swiss"]
[EventRounds "9"]
[EventCountry "GER"]
[SourceTitle "EXT 2006"]
[Source "ChessBase"]
[SourceDate "2005.11.24"]
[SourceVersion "1"]
[SourceVersionDate "2005.11.24"]
[SourceQuality "1"]

1. e4 e5 2. Nf3 d6 3. d4 Nd7 4. Bc4 c6 5. 0-0 Be7 6. Nc3 Ngf6 7. Qe2 0-0 8. Bg5 Qc7 9. a4 a5 10. Rad1 Nb6 11. Bb3 Bg4 12. h3 Bh5 13. g4 Bg6 14. Nh4 Nxe4 15. Nxe4 Bxe4 16. Qxe4 Bxg5 17. Nf3 Bf4 18. dxe5 Bxe5 19. Nxe5 dxe5 20. g5 g6 21. h4 Nd7 22. Qg4 Nc5 23. Ba2 Rad8 24. c3 Qe7 25. h5 e4 26. Rxd8 Rxd8 27. Re1 Qd7 28. Qxd7 Rxd7 29. h6 Kf8 30. Kg2 Rd2 31. Bb1 Rxb2 32. Bxe4 Nxe4 33. Rxe4 Rd2 34. Rc4 Ke7 35. Kf3 Ke6 36. Ke3 Rd6 37. f4 f6 38. Re4+ Kf7 39. c4 Re6 40. Rxe6 Kxe6 41. gxf6 b6 42. c5 b5 43. axb5 cxb5 44. c6 0-1